| 000 | 01119nam a2200217Ia 4500 | ||
|---|---|---|---|
| 003 | Ost | ||
| 005 | 20260416102400.0 | ||
| 008 | 260416s9999||||xx |||||||||||||| ||und|| | ||
| 040 | _cfsecg | ||
| 041 | _aara | ||
| 082 | _a332 | ||
| 100 |
_aناويس، أسماء _eمؤلف |
||
| 245 | 0 |
_aمحاضرات في المالية العامة : _bمطبوعة موجهة إلى طلبة السنة الثانية ليسانس علوم التسيير / _cأسماء ناويس |
|
| 260 |
_aالجزائر _bجامعة الجزائر3: كلية العلوم الإقتصادية، العلوم التجارية وعلوم التسيير _c2023 |
||
| 300 |
_a110 ورقة _bايضاحات _c12 سم |
||
| 504 | _aالمراجع ص.107 | ||
| 520 | _aمدخل عام علم المالية العامة ، النفقات العامة ،الايرادات العامة ، المالية العامة. | ||
| 653 | _aالمالية العامة | ||
| 710 |
_aجامعة الجزائر3: كلية العلوم الإقتصادية، العلوم التجارية وعلوم التسيير _eناشر علمي |
||
| 942 | _cHANDOUT | ||
| 999 |
_c41390 _d41390 |
||